| Tag |
First Indicator |
Second Indicator |
Subfields |
| LEADER |
00000cam a2200000 a 4500 |
| 001 |
in00000016469 |
| 005 |
20151007052800.0 |
| 008 |
870508s1987 maua b 00110 eng |
| 010 |
|
|
|a 87013851
|
| 020 |
|
|
|a 0316677353 (pbk.)
|
| 035 |
|
|
|a (OCoLC)15792158
|
| 035 |
|
|
|9 AAA9159AM
|
| 040 |
|
|
|a DLC
|c DLC
|d TXA
|d UtOrBLW
|
| 043 |
|
|
|a n-us---
|
| 049 |
|
|
|a TXAM
|c [A11069064]
|
| 050 |
0 |
0 |
|a LB3454
|b .O94 1987
|
| 082 |
0 |
|
|a 371.91/4
|2 19
|
| 100 |
1 |
|
|a Oyer, Herbert J.
|
| 245 |
1 |
0 |
|a Speech, language, and hearing disorders :
|b a guide for the teacher /
|c Herbert J. Oyer, Barbara J. Crowe, William H. Haas.
|
| 264 |
|
1 |
|a Boston :
|b College-Hill Press,
|c [1987]
|
| 264 |
|
4 |
|c ©1987
|
| 300 |
|
|
|a xii, 187 pages :
|b illustrations ;
|c 23 cm.
|
| 336 |
|
|
|a text
|b txt
|2 rdacontent
|
| 337 |
|
|
|a unmediated
|b n
|2 rdamedia
|
| 338 |
|
|
|a volume
|b nc
|2 rdacarrier
|
| 500 |
|
|
|a "A College-Hill publication."
|
| 504 |
|
|
|a Bibliography: pages 159-175.
|
| 500 |
|
|
|a Includes index.
|
| 650 |
|
0 |
|a Speech disorders in children
|z United States.
|
| 650 |
|
0 |
|a Language disorders in children
|z United States.
|
| 650 |
|
0 |
|a Hearing disorders in children
|z United States.
|
| 700 |
1 |
|
|a Crowe, Barbara J.
|
| 700 |
1 |
|
|a Haas, William H.,
|d 1931-
|
| 999 |
|
|
|a MARS
|
| 999 |
f |
f |
|s 462f6dc4-24f3-38ee-acb2-97f2b053f7cb
|i 19625674-bf08-3842-8fcd-648e587b5288
|t 0
|
| 952 |
f |
f |
|p normal
|a Texas A&M University
|b College Station
|c Sterling C. Evans Library
|d Evans: Library Stacks
|t 0
|e LB3454 .O94 1987
|h Library of Congress classification
|i unmediated -- volume
|m A14811069064
|
| 998 |
f |
f |
|a LB3454 .O94 1987
|t 0
|l Evans: Library Stacks
|